| 000 | 01243nam a2200229Ia 4500 | ||
|---|---|---|---|
| 999 |
_c35729 _d35729 |
||
| 001 | 1604 | ||
| 003 | GE_BSU | ||
| 005 | 20221205103803.0 | ||
| 008 | 181216s1990||||ge |||||||||||||| ||geo|| | ||
| 040 | _cGE_BSU | ||
| 041 | _ageo | ||
| 080 | _a624.014(072) ბ–73 | ||
| 245 |
_aმეთოდური მითითებანი საკურსო სამუშაოს შესასრულებლად ლითონის კონსტრუქციებში : _bსამრეწველო და სამოქალაქო მშენებლობის სპეციალობის სტუდენტებისათვის / _cშემდგ.რ.ი.ბიძინაშვილი, ო.გ.ხაზარაძე. |
||
| 264 |
_aთბილისი _c1990. |
||
| 300 | _a96 გვ. | ||
| 653 | _aლითონის კონსტრუქციები | ||
| 653 | _aმეთოდური მითითებანი | ||
| 653 | _aშენებლობა | ||
| 700 |
_aბიძინაშვილი, რ.ი. _eშემდგენელი _916333 |
||
| 700 |
_aხაზარაძე, ო.გ. _eშემდგენელი _916335 |
||
| 942 |
_cBK _2udc |
||